[Event "Hoogovens op"]
[Site "Wijk aan Zee"]
[Date "1995.01.??"]
[Round "10"]
[White "Tkachiev, Vladislav"]
[Black "Winants, Luc"]
[Result "1-0"]
[WhiteElo "2575"]
[BlackElo "2500"]
[PlyCount "79"]
[EventDate "1995.01.??"]
[EventType "swiss"]
[EventRounds "12"]
[EventCountry "NED"]
[SourceTitle "CBM 046"]
[Source "ChessBase"]
[SourceDate "1995.06.01"]
[SourceVersion "1"]
[SourceVersionDate "1995.06.01"]
[SourceQuality "1"]

1. Nf3 {Ftacnik,Lubomir Ftacnik,Lubomir} d5 2. g3 c6 3. Bg2 Bg4 4. O-O e6 5. d4 Nd7 6. Nbd2 f5 7. c4 Bd6 ({RR} 7... Ngf6 8. Qb3 ({RR} 8. Ng5) 8... b6 ({RR} 8... Rb8 9. cxd5 exd5 10. Qd3) ({RR} 8... Qb6 9. c5 Qc7 10. h3 Bh5 11. Qe3 Ne4 12. Nxe4 fxe4 13. Ng5 e5 14. Ne6 Qb8 15. b4 Kf7 16. Nxf8 Rxf8 17. Bb2 exd4 18. Qxd4 Nf6 19. g4 Bg6 20. f4 exf3 21. exf3 Qg3 22. Qe5 Qxe5 23. Bxe5) 9. Qa4 Rc8 10. Qxa7) 8. Qb3 Rb8 ({RR} 8... Qb6 9. Qe3 f4 10. gxf4) ({RR} 8... Qb6 9. Qe3 f4 10. gxf4 Qc7 11. Ne5 Bf5 12. c5 Bf8 13. Ndf3 Nh6 14. Ng5 Nxe5 15. fxe5 O-O-O 16. a4 Nf7 17. Nxf7 Qxf7 18. b4 g5 19. b5 h5 20. Qc3 Qc7 21. Bd2 g4 22. Qa5 Qxa5 23. Bxa5) 9. Re1 ({RR} 9. cxd5 exd5 ({RR} 9... cxd5 10. Qe3 Qe7 11. Ng5) 10. Qd3 Nh6 ({RR} 10... Qf6 11. e4 Bxf3 ({RR} 11... fxe4 12. Nxe4 dxe4 13. Qxe4+) 12. e5 Qe6 13. Nxf3 Be7 14. b4 {RR} h5 15. h4 g6 16. b5 Nh6 17. bxc6 bxc6 18. Bg5 Nb6 19. Qa6 Qd7 20. Rac1 Nc4 21. Rb1 Rb6 22. Rxb6 Nxb6 23. e6 Qc7 24. Bf4 Qd8 25. Qxa7 Ng4 26. Bc7) ({RR} 10... Ngf6 11. h3 ({RR} 11. Nh4 g6 12. f3 Bh5 13. e4 Be7 14. Nb3 fxe4 15. fxe4 dxe4 16. Bxe4 O-O 17. Bg2 Ne5 18. Qc2 Nf7 19. Bf4 Rc8 20. Nf3 Bg4 21. Rae1 Bf5 22. Qc4 Nd5 23. Ne5 b5 24. Qc1 Nxf4 25. Qxf4 Nxe5) 11... Bxf3 12. exf3) ({RR} 10... Ne7 11. Ng5) 11. Nb3 Bxf3 ({RR} 11... O-O 12. Bxh6 gxh6 13. e3) ({RR} 11... Qf6 12. Bg5 Qe6 ({RR} 12... Qg6 13. Qe3+ Kf7 14. Ne5+) 13. Nc5 Bxc5 ({RR} 13... Nxc5 14. dxc5 Bc7 ({RR} 14... Bxc5 15. Qc3 Bf8 16. Bxh6 Qxh6 17. Qe5+) 15. Nd4) 14. dxc5 Bxf3 ({RR} 14... Nxc5 15. Qc3) ({RR} 14... O-O 15. Nd4 Qg6 16. Be7 Rf7 17. Bd6) 15. exf3 O-O 16. Rfe1 Qg6 17. Bf4 Rbc8 ({RR} 17... Rbe8 18. Bd6) ({RR} 17... Nxc5 18. Qd4) ({RR} 17... Ra8) 18. Qa3 b6 ({RR} 18... a6 19. Qb4) ({RR} 18... Ra8) 19. b4 ({RR} 19. Qxa7 Nxc5 20. Qxb6 Nd3) 19... Rf7 ({RR} 19... Ra8 20. Re7 Rf7 21. Rae1) 20. Qxa7 Nxc5 21. Qxb6 Nd3 22. Qa6 Nxe1 23. Qxc8+ Rf8 24. Qa6 Nc2 25. Rc1 Nxb4 26. Qa3) 12. exf3 ({RR} 12. Qxf3 O-O 13. Bxh6 gxh6 14. Qh5) 12... O-O ({RR} 12... Qf6 13. Bxh6 gxh6 14. Rae1+ Kf7 15. f4) 13. Bxh6 gxh6 14. f4 Qf6 15. Rfe1) ({RR} 9. Qe3 Qe7 10. Ng5 Nf8 11. Ndf3 h6 12. Nh3 Bxf3 ({RR} 12... g5 13. Ne5 Nf6 14. cxd5 Nxd5 15. Qd3 Bxe5 16. dxe5 Rd8 17. Qc4 Nd7 18. f3 Bxh3 19. Bxh3 O-O 20. f4 g4 21. Bg2 Qc5+ 22. Qxc5 Nxc5 {RR} 23. Rd1 Kf7 24. Kf2 h5 25. Be3 Nxe3 26. Kxe3 Ke7 27. Rac1 Rxd1 28. Rxd1 h4 29. gxh4 Rh8) ({RR} 12... Ng6 13. Ne5 Nxe5 14. dxe5 Bc5 15. Qd3 g5 16. cxd5 exd5 17. Be3 Rd8 18. f4 Nf6 19. Nf2 Bxe3 20. Qxe3 gxf4 21. Qxf4 Nh5 22. Qe3 O-O 23. Rae1 f4 24. gxf4 Rxf4 25. Nxg4) 13. Qxf3 ({RR} 13. exf3 g5) 13... Nf6 14. Qb3 ({RR} 14. Nf4 g5 15. Nh5 ({RR} 15. Nh3 g4) ({RR} 15. Nd3 dxc4) 15... Nxh5 16. Qxh5+ Qf7) ({RR} 14. cxd5 cxd5 ({RR} 14... Nxd5 15. e4 fxe4 16. Qxe4) 15. Bf4 ({RR} 15. Nf4)) 14... Ng6 15. cxd5 exd5 16. Qe3 Qxe3 17. Bxe3 Kd7 18. a3 Rbe8 19. Rfe1 Ne4 20. Rad1 Rhf8 21. Bc1 f4 22. f3 Ng5 23. Nxg5 hxg5) 9... Qe7 ({RR} 9... Nh6 10. cxd5 cxd5 11. h3 ({RR} 11. Ne5 Nxe5 12. dxe5 Bc7 13. h3 Bh5 14. f4 Bb6+ 15. Kh2 O-O 16. Nf3 Bxf3 17. Bxf3) 11... Bh5 12. e4 fxe4 ({RR} 12... Bxf3 13. Bxf3 fxe4 14. Nxe4 dxe4 15. Qxe6+ Qe7 ({RR} 15... Be7 16. Bxh6 exf3 17. Bxg7) 16. Rxe4 Kd8 17. Qd5) ({RR} 12... dxe4 13. Qxe6+ ({RR} 13. Ng5 Bf7 14. Ndxe4) 13... Qe7 14. Ng5 Bf7) 13. Ng5 Bf7 ({RR} 13... Qxg5 14. Nxe4 Qe7 15. Bg5 ({RR} 15. Nxd6+ Qxd6 16. Bf4 Qe7 17. Bxd5) 15... Nf6 ({RR} 15... Qf8 16. Qxd5 Be7 17. Nd6+ Kd8 18. Bxe7+ Qxe7 19. Rxe6) 16. Nxd6+ Qxd6 17. Bf4 Qd8 18. Bxb8 Qxb8 19. Rxe6+ Kf7 20. Rae1) ({RR} 13... Qe7 14. Nxe6 Qxe6 ({RR} 14... Nf6 15. Bxe4 dxe4 ({RR} 15... Qxe6 16. Bg6+) 16. Nxe4 Nxe4 17. Rxe4 Kf7 18. Nf4+) 15. Rxe4 Be5 16. Re1) 14. Ndxe4 dxe4 ({RR} 14... Be7 15. Nxf7 Nxf7 16. Nc3) 15. Nxe6 Bxe6 ({RR} 15... Qe7 16. Rxe4 {RR} Be5 17. Nxg7+ Kf8 ({RR} 17... Kd8 18. Qa4 Qf6 19. dxe5 Qxg7 20. e6) 18. Bxh6 Bxb3 19. Nf5+) ({RR} 15... Ng8 16. Rxe4 Bxe6 17. Rxe6+ Be7 18. Bf4) ({RR} 15... Nf5 16. Rxe4 Be7 17. Bg5) ({RR} 15... Qb6 16. Nxg7+ Kd8 17. Qxb6+ axb6 18. Bxh6) ({RR} 15... Qf6 16. Rxe4 Be7 17. Bf4 Rd8 ({RR} 17... Rc8 18. Qxb7 Bxe6 19. Qxc8+ Bd8 20. Bg5) 18. d5 Nf5 ({RR} 18... Bxe6 19. Rxe6 Qf7 20. d6) 19. Rae1) 16. Qxe6+ Qe7 ({RR} 16... Be7 17. Bxh6 ({RR} 17. Bf4 Rc8 18. Bxe4 Nf8 19. Qb3) 17... gxh6 18. Bxe4 ({RR} 18. Rxe4 Rf8 19. Rae1 ({RR} 19. d5 Nc5) 19... Rf7 20. Qxh6 Nf6) 18... Rf8 ({RR} 18... Nf6 19. Bd3 Kf8 20. Bc4 Qe8 21. Qe3) 19. Bxh7 Rf6 20. Qg4) 17. Rxe4 Kd8 ({RR} 17... Nf7 18. Qd5 ({RR} 18. Qb3)) ({RR} 17... Qxe6 18. Rxe6+ Be7 19. Bxh6 Kf7 20. Rae1 Bb4 21. Bd5 Bxe1 22. Rxe1+ Kg6 23. Bxg7 Kxg7 24. Re7+ Kh6 25. Rxd7 Rhd8 26. Rxd8 Rxd8 27. Bxb7 Rxd4 28. b3) 18. Qd5 {1-0 (18) Kramnik,V (2730)-Beliavsky,A (2650) Belgrade 1995 CBM 051 [Ftacnik,Lubomir]} {RR} Qf8 ({RR} 18... Nf6 19. Rxe7 Nxd5 20. Re6 Nf5 21. Bxd5 Nxd4 22. Rxd6+ Ke7 23. Be4 Kxd6 24. Bf4+ Kc5 25. Bxb8 Rxb8 26. Bxh7) 19. Re6 ({RR} 19. Bg5+ Nf6 20. Rae1 Nf7 21. Re6 Rg8 ({RR} 21... Kc7 22. Bxf6 gxf6 23. Rxf6) 22. Rxf6 gxf6 23. Bxf6+ Kc7 24. Qa5+ b6 ({RR} 24... Kd7 25. Qb5+) 25. Qxa7+ Kc8 26. Rc1+) 19... Bc7 ({RR} 19... Be7 20. Rxe7 Qxe7 21. Bg5) 20. Bg5+ Kc8 21. Rc1) ({RR} 9... Ngf6 10. Ng5 Qe7 11. f3 Bh5 12. e4 h6 ({RR} 12... h6 13. exf5 e5 14. Ne6 Bf7 15. c5 Nxc5 16. dxc5 Bxc5+ 17. Kh1 Bd6 18. Nxg7+ Kf8 19. Ne6+ Bxe6 20. fxe6 h5 21. Bh3 h4 22. g4 Kg7 23. f4 exf4 24. Nf3 Ne4 25. Nd4 Kg6 26. Qc2 Qf6 27. Rxe4) 13. exf5 e5 14. Ne6 Bf7 15. c5 Nxc5 16. dxc5 Bxc5+ 17. Kh1 Bd6 18. Nxg7+ Kf8 19. Ne6+ Bxe6 20. fxe6 h5 21. Bh3) ({RR} 9... Qf6 10. cxd5 cxd5 11. Qa4 Ne7 12. Ne5 b5 13. Qxa7 Nxe5 14. dxe5 Bxe5 15. Nf3 Bxf3 16. exf3 Nc6 17. Qc5 Kd7 18. Rxe5 Nxe5 19. Qa7+ Kd6 20. Bf4 g5 21. Be3 Rhc8 22. Bd4 Ra8 23. Qb6+ Rc6 24. Bc5+) ({RR} 9... Qf6 10. cxd5 cxd5 11. e4 fxe4 12. Ng5 Ne7 13. Ndxe4 dxe4 14. Nxe4 Qxd4 15. Be3 Qb4 16. Bd2 {1-0 (16) Valles Moreno,I (2401)-Soham,D (2330) Clichy 2022}) ({RR} 9... Ngf6 10. Ng5 Qe7 11. f3 Bh5 12. e4) ({RR} 9... Nh6 10. cxd5 cxd5 11. Ne5 Nxe5 12. dxe5 Bc7 13. h3 Bh5 14. f4 Bb6+ 15. Kh2 O-O 16. Nf3 Bxf3 17. Bxf3) 10. Ne5 ({RR} 10. Nh4 Ngf6 11. f3 g5) ({RR} 10. h3 Bh5 11. cxd5 cxd5 12. e4 ({RR} 12. g4 Bf7 13. gxf5 exf5 14. Nf1 Ngf6 15. Ne3 g6 16. Ng5 Nb6 17. a4 f4 18. Nxf7 Kxf7 19. Nxd5 Nfxd5 ({RR} 19... Qe6 20. e4 Nbxd5 21. Bd2 Nc7 22. Qxe6+ Nxe6 23. e5 Nxd4 24. exd6 Rhe8) 20. a5 Kg7 21. axb6 Nxb6 22. Rxa7 Bb4 23. Bxf4 Bxe1 24. Bxb8 Rxb8 25. Qxb6) 12... fxe4 13. Nxe4 dxe4 14. Rxe4 Bf7 15. Ng5 Ngf6 16. Nxf7 Kxf7 17. Bg5 Rhe8 18. Rae1 Nf8 19. f4 Qd7 20. Bxf6 Kxf6 21. g4 g6 22. f5 exf5 23. gxf5 gxf5 24. Rf1 Rxe4) ({RR} 10. Nh4 Ngf6 11. f3 g5) 10... Ngf6 $146 ({RR} 10... Nxe5 11. dxe5 Bxe5 12. cxd5 exd5 13. e4 ({RR} 13. f3 Bh5 14. e4 fxe4 15. fxe4 d4 16. Nc4 Bf7) 13... fxe4 14. Nxe4 dxe4 15. Rxe4 Nf6 ({RR} 15... Bf5 16. Rxe5 Qxe5 17. Bf4 Qe6 18. Qc3) 16. Rxe5 ({RR} 16. Rxe5 Qxe5 17. Bf4 Qe6) 16... Qxe5 17. Bf4 Qe6 18. Qxe6+ Bxe6 19. Bxb8 Kf7 20. Bxa7 Ra8 21. Bd4 Rxa2 22. Re1 Bd5 23. Bxf6 {½-½ (23) Barle,J (2450)-Pavasovic,D (2450) Slovenia 1995}) ({RR} 10... Nxe5 11. dxe5 Bxe5 12. cxd5 exd5 13. e4 fxe4 14. Nxe4 dxe4 15. Rxe4 Nf6 16. Bg5 Be6 ({RR} 16... Qe6 17. Qxe6+ Bxe6 18. Rxe5 Kf7 19. a4 Rhe8 20. a5 a6 21. Rae1) ({RR} 16... Qe6 17. Qxe6+ Bxe6 18. Rxe5 Kf7 19. a4 Rhe8 20. a5 a6 21. Rae1) 17. Qe3 Nd5 18. Qd2 ({RR} 18. Bxe7 Nxe3 19. Rxe5 Kxe7 20. Bh3 Nd5 21. Rae1) 18... Qf7 ({RR} 18... Bf6 19. Bxf6 Nxf6 20. Rxe6 Qxe6 21. Re1 Qxe1+ 22. Qxe1+) 19. Rxe5 O-O 20. Rae1) ({RR} 10... Bh5 11. cxd5 cxd5 12. Nxd7 ({RR} 12. Ndf3 {RR} Ngf6 13. Bf4 O-O) ({RR} 12. f3) 12... Qxd7 13. f3 Ne7) ({RR} 10... Nxe5 11. dxe5 Bxe5 12. cxd5 exd5 13. e4 fxe4 14. Nxe4 dxe4 15. Rxe4 Nf6 16. Bg5 Be6 17. Qe3 Nd5 18. Qd2 Qf7 19. Rxe5 O-O 20. Rae1 Rbe8 21. Be3 ({RR} 21. Qd4 a6 22. b3) 21... Nb6 22. Bxb6 ({RR} 22. b3 Bd5) 22... axb6 23. a4 ({RR} 23. Qe3 Bd7 24. Qxb6 Rxe5 25. Rxe5 Qxa2) ({RR} 23. b3 Bc8 24. f4) 23... Bb3 24. Qd4 Rxe5 ({RR} 24... c5 25. Qd2 Rxe5 26. Rxe5 Kh8) 25. Rxe5 {Tkachiev,V (2575)-Tregubov,P (2515) Wijk aan Zee 1995 CBM 046 [Ftacnik,Lubomir] ½-½ (32)} {RR} c5 ({RR} 25... Qc7 26. f4 Rd8 27. Qe3 Bf7) 26. Qe3) ({RR} 10... Bh5 11. cxd5 cxd5 12. Ndf3) ({RR} 10... Nxe5 11. dxe5 Bxe5 12. e4 fxe4 13. Nxe4 dxe4 14. Rxe4 Bc7 15. Rxg4 Nf6 16. Rh4 O-O 17. Be3 a5 18. Re1 Bd6 19. Qc2 Rbe8 20. c5 Bc7 21. Be4 Nxe4 22. Rxe4 Rf5 23. Qb3 Re5 24. Bd4 Rxe4 25. Rxe4 {Zueger,B (2460)-Mantovani,R (2360) Switzerland 1996 ½-½ (54)}) 11. Nxg4 Nxg4 12. cxd5 exd5 13. e4 O-O 14. e5 Bb4 15. a3 Ba5 16. Bxd5+ cxd5 17. Qxd5+ Kh8 18. Qxa5 f4 19. Ne4 Qf7 20. f3 Nxh2 21. Kxh2 Qh5+ 22. Kg2 fxg3 23. f4 Qh2+ 24. Kf3 g5 25. Nxg5 Qf2+ 26. Ke4 Qc2+ 27. Ke3 Qf2+ 28. Ke4 Qc2+ 29. Ke3 Qf2+ 30. Kd3 Rbc8 31. Bd2 Nc5+ 32. dxc5 Rfd8+ 33. Ke4 Rxd2 34. Qc3 Rc2 35. Qd4 Qg2+ 36. Kf5 Rf8+ 37. Kg4 Qh2 38. e6+ Kg8 39. Nf7 g2 40. Qh8# 1-0

[Event "Ciocaltea Memorial"]
[Site "Bucharest"]
[Date "1995.??.??"]
[Round "5"]
[White "Komliakov, Viktor"]
[Black "Dumitrache, Dragos Nicolae"]
[Result "1-0"]
[WhiteElo "2535"]
[BlackElo "2530"]
[Annotator "Horn,Peter"]
[PlyCount "101"]
[EventDate "1995.02.??"]
[EventType "tourn"]
[EventRounds "11"]
[EventCountry "ROU"]
[EventCategory "10"]
[SourceTitle "CBM 048"]
[Source "ChessBase"]
[SourceDate "1995.10.01"]
[SourceVersion "1"]
[SourceVersionDate "1995.10.01"]
[SourceQuality "1"]

1. e4 e6 2. d3 d5 3. Nd2 c5 4. Ngf3 Nc6 5. g3 Bd6 6. Bg2 Nge7 7. O-O O-O 8. Re1 Qc7 9. Qe2 f6 10. a3 Bd7 11. c3 a5 $6 (11... Rae8 12. b4 b6 13. d4 cxd4 14. cxd4 dxe4 15. Nxe4 Nd5 16. Bb2 Qb8 17. Nfd2 Nd8 $2 18. Nxd6 Qxd6 19. b5 Bc8 20. a4 Qd7 21. Ba3 $16 {Fischer-di Camillo/East Orange 1957}) (11... Rac8 12. Nb3 $6 (12. b4 b5 $10 {Lautier} 13. exd5 exd5 14. bxc5 Bxc5 15. c4 $14) 12... Qb6 13. Nbd2 Kh8 14. Bh3 Qc7 15. b4 e5 16. Bxd7 Qxd7 17. b5 Nd8 18. c4 dxe4 $1 $15 (18... dxc4 19. Nxc4 Ne6 20. a4 $10) 19. Nxe4 (19. dxe4 Ne6 20. Bb2 Nd4 21. Bxd4 cxd4 $15) 19... Ne6 20. Bb2 Bc7 $2 (20... Ng6 $1 $17 { c7, cd8, f5} 21. Rad1 $2 Nef4 $1 22. gxf4 Nxf4 23. Qe3 Qg4+ 24. Ng3 Qh3 $19) 21. Nh4 $13 {Zapata-Lautier/Novi Sad olm/1990}) 12. a4 $5 {[%csl Gb5]} (12. d4 cxd4 13. Nxd4 Nxd4 14. cxd4 Qb6 15. Nf3 $6 (15. exd5 $10) 15... dxe4 16. Qxe4 Rac8 17. Bh3 f5 $15 {Maus,So-Ribli/BL 9091/1991}) 12... Rfe8 (12... Rae8 13. Nb1 dxe4 14. dxe4 e5 15. Na3 Na7 16. Rd1 Be6 17. Nd2 Nec8 18. Nac4 Rd8 19. Ne3 Nb6 20. Ndc4 Nxc4 21. Nxc4 Nc8 22. Bf3 Be7 23. Rxd8 Rxd8 24. Bg4 $14 {Lagrotteria-Kievelitz/Forli op/1992}) 13. Nb1 {[%cal Yb1a3,Ya3b5]} Rab8 (13... Rad8 $5) 14. Na3 Na7 15. Bh3 $146 ({RR} 15. d4 cxd4 16. Nxd4 Bc5 17. exd5 Nxd5 18. Qd3 Rbd8 19. Be4 h6 20. Nac2 Bc8 21. Qf3 Qf7 22. Nb3 Bb6 23. Ne3 Nxe3 24. Bxe3 Qc7 25. Nd4 Bxd4 26. Bxd4 Nc6 27. Be3 e5 28. Bg6 Re6 29. Rad1 Red6 {Lind,J (2295)-Nordstrom,F (2225) Helsingborg 1991 1-0 (36)}) 15... Ng6 16. d4 e5 $2 (16... cxd4 17. Nxd4 dxe4 (17... e5 $2 18. Bxd7 Qxd7 19. Ndb5 $16) (17... Bc5 $5) 18. Qxe4 Nf8 $14) 17. Bxd7 Qxd7 18. dxc5 Bxc5 19. Rd1 $1 {[%csl Rd5]} Qg4 (19... Qxa4 20. Rxd5 b6 21. b4 $1 $18) 20. Rxd5 Bxa3 21. Rxa3 Nh4 22. Nd4 Qh3 23. gxh4 exd4 24. cxd4 Qxh4 25. f3 $18 Nc6 26. Be3 Kh8 27. Rc3 Rbd8 28. Qf2 (28. Bf2 $5 Qh3 29. Rxd8 Rxd8 30. Qb5 $18) 28... Qh3 29. Rxd8 Rxd8 30. d5 Ne5 31. Bd4 (31. Bb6 $18) 31... Re8 32. b3 h6 33. Qg3 Qd7 34. h4 Kh7 35. Bb6 Rc8 36. Bd4 Nf7 37. Qg4 $2 (37. Kg2 $18) (37. Rc5 $18) 37... Qxg4+ 38. fxg4 Re8 $1 39. Rc7 $2 (39. Re3 $16) 39... Nd6 $2 (39... Rxe4 40. Bxf6 Rxg4+ 41. Kh2 gxf6 42. Rxf7+ Kg6 43. Rxb7 Rxh4+ 44. Kg3 Rd4 $10) 40. Bxf6 Rg8 41. Be5 Nxe4 42. Rxb7 h5 43. gxh5 Kh6 44. d6 Kxh5 45. d7 Rd8 46. Bd4 Nf6 47. Bxf6 gxf6 48. Kf2 Kxh4 49. b4 axb4 50. Rxb4+ Kg5 51. Rb7 1-0

[Event "Bled op 16th"]
[Site "Bled"]
[Date "1995.??.??"]
[Round "6"]
[White "Psakhis, Lev"]
[Black "Soffer, Ram"]
[Result "1-0"]
[WhiteElo "2625"]
[BlackElo "2535"]
[PlyCount "187"]
[EventDate "1995.03.??"]
[EventType "swiss"]
[EventRounds "9"]
[EventCountry "SLO"]
[SourceTitle "EXT 1998"]
[Source "ChessBase"]
[SourceDate "1997.11.17"]
[SourceVersion "1"]
[SourceVersionDate "1997.11.17"]
[SourceQuality "1"]

1. e4 {ChessBase II} c5 2. Nf3 e6 3. d3 Nc6 4. g3 d5 5. Qe2 Nge7 6. Bg2 g6 7. O-O Bg7 8. c3 b6 9. e5 Ba6 ({RR} 9... h6 10. h4 Qc7 11. Re1 Bb7 12. Na3 a6 13. Nc2 Rc8 14. Bf4 Nf5 15. Rac1 a5 16. d4 O-O 17. Qd2 Qe7 18. Bf1 f6 ({RR} 18... cxd4 19. cxd4 Nb4 20. a3 Nxc2 21. Rxc2 Rxc2 22. Qxc2 Rc8) 19. Bh3 fxe5 20. Nxe5 Bxe5 21. Bxe5 g5 22. hxg5 Qxg5 23. Bf4 Qg6 24. Qd3 {Bologan,V (2641)-Van Wely,L (2643) Eforie Nord 2000 CBM 081 [ChessBase II] 1-0 (40)}) ({RR} 9... Qc7 10. Re1 h6 11. h4 Bb7 12. Na3 a6 13. Nc2 a5 14. a4 Qd7 15. d4 Ba6 16. Qd1 Qc7 17. Bf4 Nf5 18. Qd2 Rc8 19. Rec1 Qe7 20. Bh3 cxd4 21. cxd4 Kd7 22. Bf1 Bxf1 23. Kxf1 Rc7 24. Na3 {Psakhis,L (2590)-Horvath,J (2515) Vienna 1996 1-0 (47)}) 10. Re1 h6 11. h4 Nf5 $146 ({RR} 11... Qc7 12. Na3 O-O-O 13. Rb1 g5 14. hxg5 Ng6 15. gxh6 Bxe5 16. Bg5 Rdg8 17. Qd2 Bd6 18. b4 Nce5 19. Nxe5 Nxe5 20. bxc5 bxc5 21. c4 Nxd3 22. Red1 Nxf2 23. Kxf2 Bxg3+ 24. Kg1 Bh2+ 25. Kf1 Qg3 26. Be3 {Lastin,A (2495)-Rychagov,A (2375) Moscow 1996 0-1 (40)}) ({RR} 11... Qc7 12. Bf4 g5 13. hxg5 Ng6 14. Bc1 hxg5 15. Bxg5 Ncxe5 16. Nxe5 Qxe5 17. Be3 Qf5 18. c4 O-O-O 19. Na3 Bb7 20. cxd5 Bxd5 21. f3 Ne5 22. Rf1 Qxd3 23. Rae1 Qxe2 24. Rxe2 Nc6 25. b3 a6 26. f4 {Martirosyan,H (2656)-Jumabayev,R (2573) New York USA 2024 ½-½ (68)}) ({RR} 11... Qc7 12. Na3 Rd8 13. Bf4 Rd7 14. Rac1 g5 15. hxg5 Ng6 16. b4 hxg5 17. Bxg5 Ncxe5 18. Nxe5 Qxe5 19. Qg4 Qd6 20. Bf4 Qf8 21. b5 Nxf4 22. gxf4 Bc8 23. Qg5 Rg8 24. Qh4 Bxc3 25. Re2 Qg7 26. Qh3 {Del Dotto,R (2127)-Zaja,I (2452) Porto San Giorgio 2004 0-1 (33)}) 12. Bf4 Qd7 13. Nbd2 Rc8 14. Nf1 Bb7 15. N1h2 Qe7 16. Ng4 Rd8 17. Qd2 Rh7 18. Rac1 Kf8 19. d4 c4 20. Bf1 Ke8 21. b3 Na5 22. b4 Nc6 23. Be2 Kd7 24. Bd1 Kc8 25. Bc2 Nb8 26. Kg2 Nd7 27. Rh1 h5 28. Ne3 Re8 29. Bg5 Qf8 30. Rce1 Kb8 31. Re2 Rc8 32. Rhe1 Bc6 33. Kg1 a6 34. Kf1 Ka7 35. Ng1 Rc7 36. Nh3 Bb7 37. Bd1 Ne7 38. Nf4 Qe8 39. Bc2 Rh8 40. Neg2 Rc8 41. Re3 Ng8 42. a4 Nh6 43. Kg1 Ng4 44. R3e2 Rc7 45. Qd1 Nh6 46. Nh3 Ng8 47. Ngf4 Nh6 48. Qb1 Nf8 49. Ng2 Ng8 50. b5 a5 51. f3 Nh6 52. Kf2 Nd7 53. Qc1 Bc8 54. Rg1 Qf8 55. Nhf4 Qe8 56. Nh3 Qf8 57. Ngf4 Qe8 58. Ke1 Nf5 59. Kd1 Rh7 60. Qd2 Qh8 61. Qe1 Bf8 62. Kc1 Bg7 63. Kb1 Bb7 64. Rh1 Nxe5 65. dxe5 d4 66. Bxf5 gxf5 67. cxd4 Bxf3 68. Rf1 Bxe2 69. Nxe2 Qf8 70. Qc3 Qa8 71. Nhf4 Bf8 72. Qf3 Qc8 73. Nc3 Bb4 74. Kc2 Rh8 75. Rd1 Rd7 76. Bf6 Rg8 77. Nxh5 Qf8 78. Bg5 Rc7 79. Nf6 Rh8 80. d5 Qa8 81. Qe3 Bc5 82. Qe2 exd5 83. Nfxd5 Rb7 84. h5 Qg8 85. Bf4 Qh7 86. Nf6 Qg7 87. Rd7 Rhb8 88. Rxb7+ Rxb7 89. h6 Qh8 90. h7 Bf8 91. Ncd5 Bg7 92. Qxc4 Qf8 93. Kb3 Qd8 94. Be3 1-0

[Event "Moscow2"]
[Site "Moscow"]
[Date "1995.??.??"]
[Round "?"]
[White "Balashov, Yuri S"]
[Black "Serper, Grigory"]
[Result "1-0"]
[WhiteElo "2505"]
[BlackElo "2585"]
[PlyCount "87"]
[EventDate "1995.04.??"]
[EventType "tourn"]
[EventRounds "9"]
[EventCountry "RUS"]
[EventCategory "11"]
[SourceTitle "CBM 047"]
[Source "ChessBase"]
[SourceDate "1995.08.01"]
[SourceVersion "1"]
[SourceVersionDate "1995.08.01"]
[SourceQuality "1"]

1. e4 c5 2. Nf3 d6 3. g3 Nc6 4. Bg2 g6 5. O-O Bg7 6. d3 Bg4 7. Nbd2 Nf6 8. h3 Bxf3 9. Nxf3 O-O 10. Re1 ({RR} 10. a4 Rb8 11. Re1 Nd7 12. c3 a6 13. Be3 b5 14. axb5 axb5 15. d4 b4 16. Qe2 Qc7 17. Ra6 Rfc8 18. e5 dxe5 19. dxc5 bxc3 20. bxc3 Nd8 21. c6 Nxc6 22. Ng5 e4 23. Nxe4 Ra8 24. Bf4 Qb7 {Bosiocic,M (2503)-Georgiev,K (2665) Plovdiv 2008 1-0}) ({RR} 10. c3 Rb8 11. Re1 b5 12. a3 b4 13. axb4 cxb4 14. d4 d5 15. exd5 bxc3 16. dxc6 cxb2 17. Bxb2 Rxb2 18. Rxa7 Nd5 19. Rd7 Qa5 20. Ne5 Nc3 21. Qf3 Nb5 22. Rf1 Nxd4 23. Rxd4 Qxe5 24. Rd7 Qc5 {Andrews,T (2160)-Gubajdullin,A (2244) chess.com INT 2024 0-1 (70)}) 10... Nd7 11. c3 b5 12. a3 $146 ({RR} 12. Bg5 h6 13. Bf4 Rb8 14. Qd2 Kh7 15. d4 b4 16. d5 bxc3 17. bxc3 Nce5 18. Nxe5 Nxe5 19. Bxe5 Bxe5 20. f4 Bg7 21. e5 Qa5 22. Rad1 Qa3 23. Re2 Rb6 24. Qc1 Qa4 25. Rde1 Qc4 26. Qa3 Ra6 {Fernengel,R (1794)-Wittmann,W (2158) Vienna 2015 ½-½ (41)}) 12... a5 13. d4 Rb8 14. Bf4 cxd4 15. cxd4 Nb6 16. Bf1 b4 17. axb4 axb4 18. Bb5 Rc8 19. d5 Ne5 20. Nxe5 Bxe5 21. Bxe5 dxe5 22. Qb3 Qd6 23. Ra6 Ra8 24. Rxa8 Rxa8 25. Rc1 Rc8 26. Rc6 Rxc6 27. dxc6 Qc5 28. Qd3 Kg7 29. Kg2 Kf6 30. Kf3 Ke6 31. Ba6 Kf6 32. Bb7 Ke6 33. b3 Qd4 34. Qc2 Qc3+ 35. Qxc3 bxc3 36. Ke3 f5 37. c7 Kd7 38. c8=Q+ Nxc8 39. Bxc8+ Kxc8 40. Kd3 Kc7 41. Kxc3 Kc6 42. Kc4 fxe4 43. b4 h5 44. h4 1-0

[Event "Capablanca Memorial Elite 30th"]
[Site "Matanzas"]
[Date "1995.??.??"]
[Round "1"]
[White "Hoffman, Alejandro"]
[Black "Zapata, Alonso"]
[Result "1-0"]
[WhiteElo "2515"]
[BlackElo "2535"]
[PlyCount "81"]
[EventDate "1995.05.??"]
[EventType "tourn"]
[EventRounds "13"]
[EventCountry "CUB"]
[EventCategory "11"]
[SourceTitle "CBM 048"]
[Source "ChessBase"]
[SourceDate "1995.10.01"]
[SourceVersion "1"]
[SourceVersionDate "1995.10.01"]
[SourceQuality "1"]

1. e4 c5 2. Nf3 e6 3. Qe2 Nc6 4. g3 Nge7 5. Bg2 d5 6. d3 g6 7. h4 h6 8. c3 Bg7 9. O-O b6 10. e5 a5 11. a4 Ra7 12. Na3 Rd7 13. Nb5 O-O 14. Bf4 Nf5 15. Rfe1 Bb7 $146 ({RR} 15... Ba6 16. Bh3 Re8 17. Rad1 Na7 18. Na3 b5 19. axb5 Nxb5 20. Nxb5 Bxb5 21. Qd2 Kh7 22. d4 c4 23. Qc2 Rb7 24. h5 Bd7 25. Kg2 Kh8 26. hxg6 fxg6 27. Rh1 h5 28. g4 hxg4 29. Bxg4+ Kg8 30. Bxf5 {Kiik,K (2445)-Tuominen,R (2190) Jyvaskyla 1998 1-0 (43)}) 16. d4 Ba6 17. Qd2 Kh7 18. Bf1 cxd4 19. cxd4 Nb4 20. Rac1 Qe7 21. Rc3 Rc8 22. Nd6 Rxc3 23. bxc3 Bxf1 24. Rxf1 Nc6 25. Rb1 Qd8 26. Qd3 Nce7 27. Nxf7 Qf8 28. Nd6 Nxd6 29. exd6 Nc8 30. h5 Qf5 31. hxg6+ Qxg6 32. Qxg6+ Kxg6 33. Ne5+ Bxe5 34. dxe5 h5 35. Kg2 Rb7 36. Be3 Kf5 37. Bd4 h4 38. Kf3 hxg3 39. fxg3 Rf7 40. g4+ Kg6+ 41. Kg3 1-0

[Event "Novgorod op"]
[Site "Novgorod"]
[Date "1995.??.??"]
[Round "2"]
[White "Bologan, Viktor"]
[Black "Tregubov, Pavel V"]
[Result "1-0"]
[WhiteElo "2540"]
[BlackElo "2515"]
[PlyCount "75"]
[EventDate "1995.05.??"]
[EventType "swiss"]
[EventRounds "9"]
[EventCountry "RUS"]
[SourceTitle "EXT 2000"]
[Source "ChessBase"]
[SourceDate "1999.11.16"]
[SourceVersion "1"]
[SourceVersionDate "1999.11.16"]
[SourceQuality "1"]

1. e4 c5 2. Nf3 e6 3. d3 Nc6 4. g3 Nge7 5. Bg2 g6 6. O-O Bg7 7. c3 d5 8. Nbd2 b6 9. Re1 Qc7 10. Qe2 ({RR} 10. h4 Bb7 11. Qe2 O-O-O 12. e5 h6 13. Nf1 Kb8 14. N1h2 d4 15. c4 g5 16. h5 Nf5 17. a3 Bf8 18. Rb1 Ng7 19. Nd2 Be7 20. Ndf1 a5 21. Bd2 Rc8 22. b3 Rhd8 23. Rb2 Bf8 24. g4 Ne8 {Navara,D (2697)-Zilka,S (2525) Ledec nad Sazavou 2013 1-0 (51)}) ({RR} 10. exd5 Nxd5 11. Nc4 O-O 12. a4 h6 13. Bd2 Rd8 14. Qb3 Rb8 15. Rad1 Kh7 16. h4 e5 17. Nfxe5 Bxe5 18. Nxe5 Nxe5 19. Bxd5 Bb7 20. Rxe5 Qxe5 21. Bxf7 Rxd3 22. Bf4 Qe2 23. Rf1 Rbd8 24. h5 Qxh5 {Araujo Sanchez,J (2264)-Rustemov,A (2525) Chess.com INT 2022 0-1}) 10... a5 11. h4 $146 ({RR} 11. e5 g5 12. Nxg5 Qxe5 13. Ndf3 Qxe2 14. Rxe2 Ba6 15. Rd2 a4 16. Rd1 O-O 17. Rb1 b5 18. Be3 d4 19. cxd4 cxd4 20. Bf4 Rac8 21. Ne4 Nd5 22. Nc5 Nxf4 23. Nxa6 Nxg2 24. Kxg2 e5 25. Rbc1 Ne7 {Ptacnikova,L (2185)-Dojkova,G (2155) Nadole 1995 1-0 (32)}) ({RR} 11. Nf1 Ba6 12. Qc2 h6 13. Bf4 e5 14. exd5 exf4 15. dxc6 fxg3 16. fxg3 O-O 17. d4 Nxc6 18. d5 Na7 19. Rad1 Rad8 20. Qd2 Nc8 21. Ne3 Nd6 22. Ng4 Nc4 23. Qc1 h5 24. Nf2 Bb7 25. b3 Nd6 {Bas,A (1499)-Panzenboeck,S (1501) Woerth 2014 1-0 (41)}) 11... O-O 12. h5 Ba6 13. hxg6 Nxg6 14. exd5 exd5 15. Nf1 Qd7 16. Bg5 h6 17. Bf4 Nxf4 18. gxf4 Rac8 19. Qd2 Ne7 20. Ne5 Qd6 21. d4 cxd4 22. Ng3 dxc3 23. bxc3 Rcd8 24. Rad1 Bc8 25. Qe3 Qc5 26. Qf3 Ng6 27. Nh5 Bf5 28. Ng4 Rd6 29. Ne3 Qc8 30. Qg3 d4 31. cxd4 Rxd4 32. Nxf5 Qxf5 33. Nxg7 Qxf4 34. Rxd4 Qxd4 35. Nf5 Qf4 36. Ne7+ Kg7 37. Qe3 Kh7 38. Nd5 1-0